000 00580nam a2200229Ia 4500
001 1037
003 GE_BSU
008 181216s||||||||xx |||||||||||||| ||und||
040 _cGE_BSU
080 _a811.161.1
100 _aОдинцов,В.В
245 _aСтилистика текста. АНСССР
245 _bИн-т русского языка
260 _aМосква
260 _bНаука
260 _c1980
300 _a264стр.
541 _h7л.
653 _aРусский язык
653 _aСтилистика текста
942 _cBK
999 _c35191
_d35191